| 000 | 00392cam a22001337a 4500 | ||
|---|---|---|---|
| 008 | 180718b1965 xxu||||| |||| 00| 0 eng d | ||
| 082 | _aZ4x54 J199i | ||
| 100 | _aJain, S. C. | ||
| 245 |
_aIndian Rural economics _cby S. C. Jain |
||
| 260 |
_aAgra _bLakshmi Narain Agarwal _c1965 |
||
| 300 | _avii, 234p | ||
| 650 | _aIndia --Rural conditions | ||
| 650 | _aAgriculture --Economic aspects --India | ||
| 999 |
_c499405 _d499405 |
||